A jelenben élni Beszélgetés Szakonyi Károllyal /
Elmentve itt :
| Szerző: | |
|---|---|
| Dokumentumtípus: | Cikk |
| Megjelent: |
1981-06-10
|
| Sorozat: | Délmagyarország
71 No. 134 |
| Kulcsszavak: | Szakonyi Károly |
| Online Access: | http://dmarchiv.bibl.u-szeged.hu/100053 |
| LEADER | 00471nab a2200157 i 4500 | ||
|---|---|---|---|
| 001 | delm100053 | ||
| 005 | 20190618091859.0 | ||
| 008 | 190618s1981 hu o 0|| hun d | ||
| 040 | |a SZTE Délmagyarország Archívum |b hun | ||
| 041 | |a hun | ||
| 100 | 1 | |a Tandi Lajos | |
| 245 | 1 | 2 | |a A jelenben élni |h [elektronikus dokumentum] : |b Beszélgetés Szakonyi Károllyal / |c Tandi Lajos |
| 260 | |c 1981-06-10 | ||
| 300 | |a 4 | ||
| 490 | 0 | |a Délmagyarország |v 71 No. 134 | |
| 695 | |a Szakonyi Károly | ||